00513 a2200157 4500010001400000020002300014035001300037037001800050082001100068100001800079245004500097260004900142270008500191300003000276500004900306 aENG-85890 a8131301494c395.00 aEN-69423 bD.B.Act / Pub14a323.3414aShukla, A. K.1 aPolitical status of womencby A.K.Shukla aNew DelhibAPH Publishing Corporatioonc2007 a5, Ansari Road, Darya GanjbNew Delhie110 002k011- 23274050maphbooks@vsnl.net avi, 160 p.b22 cm ( Hb.) aincludes bibliographical refrences and index